Kalaijar 77 (Tamil)
| Main Author: | |
|---|---|
| Format: | Book |
| Published: |
Chennai :
Sarith ,
2006
|
MARC
| LEADER | 00000cam a2200000 7i4500 | ||
|---|---|---|---|
| 001 | 0000043380 | ||
| 005 | 20141125.0 | ||
| 008 | 141125 | ||
| 090 | 0 | 0 | |a YOG |b TAM |
| 100 | 1 | |a Yoga | |
| 245 | 1 | 0 | |a Kalaijar 77 (Tamil) |c Yoga |
| 260 | |a Chennai : |b Sarith , |c 2006 | ||
| 999 | |a 0001033762 |b Book |c Tamil Collection |e Cawangan Urban Transformation Centre | ||